书目信息 |
| 书名: | Teach Yourself Visually Microsoft Word 2003 | |
| 作者: | Elaine Marmel | |
| 分册号: | ||
| 分册名: | 出版地: | AMERICA |
|
| 出版社: | JOHN WILEY & SONS INC | |
| 出版时间: | 2006 | |
| 页数: | 303P | |
| 开本: | 24CM | |
| 丛书名: | ||
| 中图分类号: | ||
| 科图分类号: | ||
| 其他分类号: | TP393.07 | |
| 主题词: | ||
| 电子资源: | ||
| 000 | 00420nam0 2200145 450 | |
| 001 | 202012002771 | |
| 005 | 20121130100524.0 | |
| 008 | 12113001s | |
| 020 | @a9780471784883@c$24.99 | |
| 099 | @dTP393.07@eE371 | |
| 245 | 10 | @aTeach Yourself Visually Microsoft Word 2003 @cElaine Marmel |
| 260 | 0 | @aAMERICA@bJOHN WILEY & SONS INC@c2006 |
| 300 | @a303P@c24CM | |
| 905 | @b13608-9 | |
| 905 | @aTSG@dTP393.07@eE371 | |
| Teach Yourself Visually Microsoft Word 2003 / Elaine Marmel.-AMERICA : JOHN WILEY & SONS INC , 2006 |
| 303P ; 24CM |
| ISBN 9780471784883$24.99 |
| ● |
| 相关链接 |
|
|
|
正题名:Teach Yourself Visually Microsoft Word 2
索取号:TP393.07/E371
 
预约/预借
| 序号 | 登录号 | 条形码 | 馆藏地/架位号 | 状态 | 备注 |
| 1 | 13608 | 300136083 | 自科库301/301自科库 120排2列6层/ [索取号:TP393.07/E371] | 在馆 | |
| 2 | 13609 | 300136092 | 自科库301/301自科库 120排2列6层/ [索取号:TP393.07/E371] | 在馆 |